000 00854nam a2200277 i 4500
001 000011264
003 DO-SdBNP
005 20230613111535.0
007 ta
008 091015s1986 dr a 000 0 spa d
040 _aDO-SdBNP
_bspa
_cBNPHU
_erda
082 4 _a616.462
_bM863m
_222
100 1 _aMorla Báez, Elbi,
_926834
_eautor
245 1 0 _aManual para el niño y adolescente con diabetes mellitus /
_cElbi Morla Báez.
264 1 _aSanto Domingo :
_bFuente,
_c1986.
300 _a81 páginas :
_bilustraciones ;
_c21 cm.
336 _2rdacontent
_atexto
_btxt
337 _2rdamedia
_asin mediación
_bn
338 _2rdacarrier
_avolumen
_bnc
490 1 _aJuan
_v3
590 _aInventariado, 2018/LP
650 4 _aDiabetes infantil
_926835
650 4 _aDiabetes
_99373
910 _aValidado. Control de calidad MMOLINA
942 _2ddc
_cLBS1
999 _c10981
_d10981